Evaluating tax shelter offerings, 1980. Supplement /

Bibliographic Details
Corporate Author: Practising Law Institute
Other Authors: Rosenberg, Alan S.
Format: Book
Language:English
Published: [New York?] : Practising Law Institute, [1980]
Subjects:

MARC

Tag First Indicator Second Indicator Subfields
LEADER 00000cam a2200000 a 4500
001 in00000079760
005 20151008054006.0
008 810701s1980 nyu 00000 engmd
010 |a  80080759  
035 |a (OCoLC)07544080 
035 |9 AAH9294AM 
040 |a EYW  |c EYW  |d TXA  |d UtOrBLW 
043 |a n-us--- 
049 |a TXAM  |c [1654797] 
090 |a KF6297.5.Z9  |b E92 1980, Suppl. 
245 0 0 |a Evaluating tax shelter offerings, 1980. Supplement /  |c Alan S. Rosenberg, Chairman. 
264 1 |a [New York?] :  |b Practising Law Institute,  |c [1980] 
264 4 |c ©1980 
300 |a 104 pages ;  |c 22 cm. 
336 |a text  |b txt  |2 rdacontent 
337 |a unmediated  |b n  |2 rdamedia 
338 |a volume  |b nc  |2 rdacarrier 
500 |a Cover title. 
500 |a "J7-3477." 
500 |a "Prepared for distribution at the Evaluating Tax Shelter Offerings Program, May-June 1980." 
650 0 |a Tax shelters  |x Law and legislation  |z United States. 
700 1 |a Rosenberg, Alan S. 
710 2 |a Practising Law Institute. 
999 |a MARS 
999 f f |s 1251469b-609c-3839-afcb-ccb946bad6d0  |i bf3fc8c3-cf15-30ab-b06f-56b34ce3b35d  |t 0 
952 f f |p ric  |a Texas A&M University  |b Rellis Campus  |c Joint Library Facility  |d Remote Storage  |t 0  |e KF6297.5.Z9 E92 1980, Suppl.  |h Library of Congress classification  |i unmediated -- volume  |m A14806156733 
998 f f |a KF6297.5.Z9 E92 1980, Suppl.  |t 0  |l Remote Storage